|
|
|
|
| LEADER |
00000nam a2200000 a 4500 |
| 001 |
vtls001419766 |
| 003 |
SK-MaSNL |
| 005 |
20260301012754.0 |
| 008 |
240315s2000 xo r slo |
| 015 |
|
|
|a SNBA2002/02-00672
|
| 020 |
|
|
|a 8022406538
|
| 035 |
|
|
|a SNK000374592
|
| 035 |
|
|
|a urn:nbn:sk:snk-amknbl
|
| 035 |
|
|
|a urn:nbn:sk:snk-am003txq
|
| 035 |
|
|
|a 73B267CB-E55C-4889-B4E8-4B0E2B4A1D02
|
| 040 |
|
|
|a SNK
|b slo
|c SNK
|e AACR2
|
| 041 |
1 |
|
|a slo
|h ger
|
| 044 |
|
|
|a xo
|c SK
|
| 080 |
|
|
|a 141.32:130.123
|2 1981
|
| 080 |
|
|
|a 130.123
|2 1981
|
| 100 |
1 |
|
|a Unger, Felix
|4 aut
|9 298363
|
| 240 |
1 |
4 |
|a Die Wucht des Ganzen
|l Slovensky
|
| 245 |
1 |
0 |
|a Váha celku
|b teória pulzácie namiesto chaosu
|c Felix Unger ; z nemeckého originálu preložil Ladislav Šimon
|
| 260 |
|
|
|a Bratislava
|b Veda
|c 2000
|
| 300 |
|
|
|a 107 s.
|c 22 cm
|
| 504 |
|
|
|a Obsahuje menný register
|
| 650 |
0 |
7 |
|a človek
|2 SNKPH
|9 16150
|
| 650 |
0 |
7 |
|a bytie
|2 SNKPH
|9 18137
|
| 650 |
0 |
7 |
|a teória pulzácie
|2 SNKPH
|9 298364
|
| 655 |
|
7 |
|a štúdie
|2 SNKPH
|9 57033
|
| 700 |
1 |
|
|a Šimon, Ladislav,
|d 1938-
|4 trl
|9 99746
|
| 919 |
|
|
|a 80-224-0653-8
|
| 958 |
|
|
|a TL
|
| 958 |
|
|
|a OP
|
| 958 |
|
|
|a NS
|
| 958 |
|
|
|a DE
|
| 968 |
|
|
|b DT
|
| 999 |
|
|
|c 554346
|d 556276
|
| 952 |
|
|
|t P60, <04>, [BOOK], {604}
|a SNK
|b SNK
|y VYP
|7 0
|p 17A0314565
|o snkSC 105894 D1
|i snkKSP 10502/2001
|0 0
|1 0
|4 0
|d 2001-09-07
|l 0
|r 2005-01-02 00:00:00
|w 2026-02-23
|
| 952 |
|
|
|t P60, <03>, [BOOK], {603}
|a SNK
|b SNK
|y PREZ
|7 0
|p 17A0314564
|o snkSC 105894
|i snkKSP 10501/2001
|0 0
|1 0
|4 0
|d 2001-09-07
|f 1
|l 0
|r 2025-09-26 00:00:00
|w 2026-02-23
|